| 000 | 01415nam a2200277 i 4500 | ||
|---|---|---|---|
| 001 | 18351 | ||
| 003 | DO-SdUEMH | ||
| 005 | 20260120211532.0 | ||
| 007 | ta | ||
| 008 | 260120s2021 sp a|||gr|||| 00| 0 spa d | ||
| 020 | _a9780323597128 | ||
| 040 |
_aDO-SdUEMH _bspa _erda |
||
| 041 | _aspa | ||
| 082 | 1 | 4 |
_mCG _bH174 |
| 100 | 1 | _eaut | |
| 245 |
_aTratado de Fisiología Médica / _cJohn E. Hall |
||
| 250 | _aDécimo cuarta edición | ||
| 264 | 1 |
_aBarcelona, España : _bELSERVER, _c2021 |
|
| 264 | 4 | _c©2021 | |
| 300 |
_axix,1132 páginas : _bilustraciones ; _c28 cm. |
||
| 336 |
_2rdacontent _atexto _btxt |
||
| 337 |
_2rdamedia _asin mediación _bn |
||
| 338 |
_2rdacarrier _avolumen _bnc |
||
| 505 | 2 | _aIntroducción A La Fisiología: La Célula Y La Fisiología General -- Fisiología De La Membrana, El Nervio Y El Músculo -- El Corazón -- La Circulación -- Los Líquidos Corporales Y Los Riñones -- Células Sanguíneas, Inmunidad Y Coagulación Sanguínea -- Respiración -- Fisiología De La Aviación, El Espacio Y El Buceo En Profundidad -- El Sistema Nervioso: A. Principios Generales Y Fisiología De La Sensibilidad -- El Sistema Nervioso: B. Los Sentidos Especiales -- El Sistema Nervioso: C. Neurofisiología Motora E Integradora -- Fisiología Gastrointestinal -- Metabolismo Y Regulación De La Temperatura -- Endocrinología Y Reproducción -- Fisiología Del Deporte. | |
| 942 |
_2ddc _cBK _n0 |
||
| 999 |
_c18351 _d18351 |
||